| 000 | 00873nas a2200289 4500 | ||
|---|---|---|---|
| 001 | BR9900386 | ||
| 003 | BR-BrBNA | ||
| 005 | 20231205101209.0 | ||
| 007 | ta | ||
| 008 | 230509b bl.|||p| |||| 00| 00por d | ||
| 040 |
_aBR-BrBNA _bpor _cBiblioteca Nacional de Agricultura |
||
| 041 | _a(Pt) | ||
| 072 | _aF02 | ||
| 100 | 1 | _aVieira, C. de P.G. | |
| 100 | 1 | _aAragao, R.G.M. | |
| 100 | 1 | _aMelo, F.I.O. | |
| 100 | 1 | _aCorrea, M.P.F. | |
| 245 | 1 | _aOrigem do propagulo e metodos de enxertia na propagacao da aceroleira (Malpighia glabra L.) | |
| 650 | _aAcerola | ||
| 650 | _aReproducao Vegetal | ||
| 650 | _aGarfagem | ||
| 650 | _aBorbulhia | ||
| 650 | _aRio Grande do Norte | ||
| 773 | 0 |
_tRevista Brasileira de Fruticultura (Brazil) _xISSN 0100-2945 _g(1997), v. 19(3) p. 347-352 _wBR9900386 |
|
| 909 |
_a202311 _bLúcia _c55 _dLúcia Elande |
||
| 942 |
_2AGRIS _n0 _cANA |
||
| 999 |
_c160359 _d160359 |
||